Science, philosophy and physical geography (Record no. 12187)

MARC details
000 -LEADER
fixed length control field 00481nam a2200181Ia 4500
008 - FIXED-LENGTH DATA ELEMENTS--GENERAL INFORMATION
fixed length control field 230917s9999||||xx |||||||||||||| ||und||
020 ## - ISBN
Price GBP25.99
040 ## - CATALOGING SOURCE
-- 219074
Original cataloging agency VIVEKANANDA LIBRARY
041 ## - Language
-- English
082 ## - DDC NUMBER
Classification number 910.02 I5S(2)
100 ## - MAIN ENTRY--PERSONAL NAME
Personal name Inkpen, Rob
245 #0 - TITLE STATEMENT
Title Science, philosophy and physical geography
250 ## - EDITION STATEMENT
Edition statement 2nd ed.
260 ## - PUBLICATION, DISTRIBUTION, ETC. (IMPRINT)
Place of publication, distribution, etc London
Name of publisher, distributor, etc Routledge
Date of publication, distribution, etc 2013
300 ## - PHYSICAL DESCRIPTION
Pages xiii, 235 p.
500 ## - GENERAL NOTE
General note 1640 01/09/2014 APD1006723 16/09/2014 Main Budget
942 ## - ADDED ENTRY ELEMENTS (KOHA)
Koha item type Books
Holdings
Withdrawn status Lost status Damaged status Not for loan Location (home branch) Sublocation or collection (holding branch) Date acquired Koha issues (times borrowed) Koha full call number Accession No. Koha date last seen Koha item type
        VIVEKANANDA LIBRARY VIVEKANANDA LIBRARY 29/11/2014   910.02 I5S(2) 346826 17/09/2023 Books
© Designed and Maintained by Vivekananda Library, MDU Rohtak